LEADER 01370nam 2200385 a 450 001 9910691030903321 005 20050729153902.0 035 $a(CKB)5470000002344047 035 $a(OCoLC)46720611 035 9 $aocm46720611 035 $a(OCoLC)995470000002344047 035 $a(EXLCZ)995470000002344047 100 $a20010412d1999 ua 0 101 0 $aeng 135 $aurmn|||||| 181 $ctxt$2rdacontent 182 $cc$2rdamedia 183 $acr$2rdacarrier 200 10$aFinancial management$b[electronic resource] $eincreased attention needed to prevent billions in improper payments : report to the chairman of the committee on Governmental Affairs. U.S. Senate /$fUnited States General Accounting Office 210 1$aWashington, D.C. (P.O. Box 37050, Washington, D.C. 20013) :$cThe Office,$d[1999] 300 $a"B-282920"--P. 5. 300 $a"GAO/AIMD-00-10." 300 $a"October 1999." 300 $aNot distributed to depository libraries in a physical form. 320 $aIncludes bibliographical references. 517 $aFinancial management 606 $aBudget$zUnited States 607 $aUnited States$xAppropriations and expenditures$xForecasting 615 0$aBudget 801 0$bGPO 801 1$bGPO 906 $aBOOK 912 $a9910691030903321 996 $aFinancial Management$9424135 997 $aUNINA